000 004550000a22001810004500
001 004238
003 MACL
005 20150704155234.0
008 150704b xxu||||| |||| 00| 0 eng d
040 _aMACL
_cMACL
041 _aEnglish
100 _aSubba, T.B
_9664
245 _aThe Anthropology Of NorthE̜ast India
_cT.B Subba
260 _aOrient Long Man,
_c2003
_bNew Delhi
350 _a145
650 _aSocial Science
_929
942 _k302
_cBK
_2ddc
999 _c16129
_d16129